000 00783nam a2200289 a 4500
001 $$a0000026208
005 20200120222116.0
008 050214s2004 esp0 gr0 000 d
020 _a84-376-2155-0
090 _aAN
_bLONGd
100 0 _aLongo
245 1 0 _aDafnis y Cloe /
_cLongo ; edición de Carlos García Gual.
250 _a1a. ed.
260 _aMadrid
_bCátedra
_c2004
300 _a110 p.
490 _aCátedra base
500 _aDonación Anaya, Diciembre de 2004
650 1 4 _aNOVELA GRIEGA
650 1 4 _aLITERATURA GRIEGA
650 1 4 _aAVENTURAS
650 1 4 _aFELICIDAD
650 1 4 _aNOVELA AMOROSA
650 1 4 _aNOVELA PASTORIL
650 1 4 _aEROTISMO
700 1 _aGarcía Gual, Carlos, ed.
901 _aDonación, Anaya, Dic. 02 /04, ($20.000)
999 _c1446
_d1446